Commonsense methods for children with special educational needs / (Record no. 7092)
[ view plain ]
| 000 -LEADER | |
|---|---|
| fixed length control field | 01349cam a2200253 a 4500 |
| 020 ## - INTERNATIONAL STANDARD BOOK NUMBER | |
| ISBN | 9780415583763 (hbk.) |
| 020 ## - INTERNATIONAL STANDARD BOOK NUMBER | |
| ISBN | 0415583764 (hbk.) |
| 020 ## - INTERNATIONAL STANDARD BOOK NUMBER | |
| ISBN | 9780415583756 (pbk.) |
| 020 ## - INTERNATIONAL STANDARD BOOK NUMBER | |
| ISBN | 0415583756 (pbk.) |
| 020 ## - INTERNATIONAL STANDARD BOOK NUMBER | |
| ISBN | 9780203836644 (ebk.) |
| 020 ## - INTERNATIONAL STANDARD BOOK NUMBER | |
| ISBN | 0203836642 (ebk.) |
| 050 00 - CALL NUMBER | |
| Classification number | LC4015 |
| Item number | .W44 |
| 100 1# - AUTHOR | |
| Personal name | Westwood, Peter S. |
| 245 10 - TITLE | |
| Title | Commonsense methods for children with special educational needs / |
| Statement of responsibility, etc | Peter Westwood. |
| 250 ## - EDITION | |
| Edition statement | 6th ed. |
| 260 ## - PUBLICATION INFORMATION | |
| Place of publication | London ; |
| -- | New York : |
| Name of publisher | Routledge, |
| Year of publication | 2011. |
| 300 ## - DESCRIPTION | |
| Number of Pages | xi, 224 p. ; |
| Dimensions | 24 cm. |
| 500 ## - NOTES | |
| General note | Includes index |
| 505 0# - FORMATTED CONTENTS NOTE | |
| Table of Content | Special educational needs and learning difficulties -- Students with intellectual disability and autism -- Students with physical disabilities -- Students with sensory impairments -- Gifted and talented students -- Self-management and self-regulation -- Managing classroom behaviour -- Social skills and peer group acceptance -- Reading and reading difficulties -- Intervention for reading difficulties -- Difficulties with writing -- Difficulties with spelling -- Difficulties with basic mathematics -- Differentiating curriculum and instruction -- Teaching methods for general and specific purposes. |
| 650 #0 - SUBJECTS | |
| Topical Term | Children with disabilities |
| General subdivision | Education. |
| 650 #0 - SUBJECTS | |
| Topical Term | Mainstreaming in education. |
| 650 #0 - SUBJECTS | |
| Topical Term | Special education. |
| 942 ## - ADDED ENTRY ELEMENTS (KOHA) | |
| Koha item type | Books |
| Withdrawn status | Lost status | Collection code | Home library | Current library | Shelving location | Date acquired | Full call number | Accession Number | Koha item type |
|---|---|---|---|---|---|---|---|---|---|
| Reference | Methodist University Library Main | Methodist University Library Main | General Stacks | 12/02/2013 | LC4015 .W44 | 36855 | Books |